| 000 | 00401nam a2200181Ia 4500 | ||
|---|---|---|---|
| 005 | 20250603144824.0 | ||
| 008 | 250603s9999 xx 000 0 und d | ||
| 020 | _a978-0-07-131574-6 | ||
| 050 | _aKN 250 .K9/ | ||
| 245 | 0 | _aDynamic business law | |
| 250 | _a2nd ed. | ||
| 260 | _aNew York | ||
| 260 | _bMcGraw-Hill | ||
| 260 | _c2012 | ||
| 300 | _a1160 p | ||
| 650 | _aNew York | ||
| 942 | _cBK | ||
| 999 |
_c40051 _d40051 |
||